Alle Pokémon mit "N" - Statistiken

Allgemein
  • Dieses Quiz wurde 188 mal gespielt
  • Das Durchschnittsergebnis liegt bei 14 aus 21
Antwortstatistiken
Typ Pokémon % Korrekt
Geist / Gift Nebulak
92%
Gift / Boden Nidoking
90%
Gift ☠ Nidorino
88%
Gift / Boden Nidoqueen
87%
Gift ☠ Nidorina
87%
Käfer / Boden Nincada
83%
Käfer / Flug Ninjask
81%
Käfer / Geist Ninjatom
79%
Kampf 👊 Nockchan
71%
Pflanze / Unlicht Noktuska
71%
Unlicht 🌜 Nachtara
67%
Gestein ⛰ Nasgnet
67%
Normal / Flug Noctuh
67%
Gift ☠ Nidoran ♂
63%
Normal / Flug Navitaub
62%
Gift ☠ Nidoran ♀
62%
Psycho / Flug Natu
56%
Drache / Wasser Nigiragi
50%
Psycho 🧠 Necrozma
42%
Wasser 💧 Normifin
38%
Normal ✳ Nagelotz
37%
Keine übereinstimmenden Quizze gefunden
Verteilung der Resultate
Anzahl Personen mit jedem Resultat
Perzentil nach korrekt beantworteten Fragen
Ihre Resultats-Entwicklung
Sie haben dieses Quiz noch nicht gespielt